000 02260nam a2200241Ii 4500
008 221202s xx 000 0 und d
100 1 _aSmyth, Gerry,
_eauthor
245 0 _aAcross the margins :
_b Cultural identity
264 _bManchester University Press
_c2002
300 _a1 online resource
336 _atext
_btxt
_2rdacontent
337 _acomputer
_bc
_2rdamedia
338 _aonline resource
_bcr
_2rdacarrier
520 _aAcross the margins offers a comparative, theoretically informed analysis of the cultural formation of the Atlantic Archipelago. In its overall conception and in specific contributions (including an introductory essay), this collection demonstrates the benefits of working across the disciplines of history, geography, literature and cultural studies, but also presents new configurations of cultural forms hitherto associated with specifically national and sub-national literatures. The essays, from both established and new scholars working in the fields of British, Irish and comparative cultural studies, addresses broad questions raised by the interface between language, gender, sexuality and ethnicity in relation to marginal identities, but also includes specific genre-based case studies on contemporary poetry, fiction, drama, popular music and art. This format recognises the importance of specific concerns which emerge from different geographical locations, but also encourages movement beyond traditional formations of national cultures. Responding to recent constitutional developments in Great Britain and Ireland, it explores their implications both for the cultural negotiations of marginality and for established critical paradigms. It is therefore of interest to undergraduates, postgraduates and academics working in the areas of comparative literature, postcolonial theory, Irish, Scottish and Welsh studies, and British political/cultural studies.
653 _aCulture
653 _aEngland
653 _aEthnic Group
653 _aLiterature
653 _aTransatlantic
700 1 _aNorquay, Glenda
856 _uhttps://docs.google.com/spreadsheets/d/1yKIrdCPDAG_9c22mwoOIO2DOhtj65Wqa/edit?usp=sharing&ouid=106555315294820607512&rtpof=true&sd=true
_yList of Curated E-Books
942 _cE-BOOK
999 _c91442
_d91439